Quick Pick: Songs in Green Quiz Stats

Quiz Updated May 24, 2018

Challenge
Share
Tweet
Embed
Score 0/6 Timer 01:00
5 Plays Today
% Correct
Creedence Clearwater Revival
72.3%
Jason Aldean
69%
Elvis Costello
48.4%
Beyoncé
47.4%
The Kinks
45.7%
Sugarloaf
37.8%

Today's Daily Dose

Missing Word
1998 A-Z Movies

Word Ladder
5 Vowel Sounds

Quick Pick
Legal Terms

On This Day
June 25th II

You're not logged in!

Compare scores with friends on all Sporcle quizzes.
Join for Free
OR
Log In

You Might Also Like...

Show Comments

Extras

Top Quizzes Today


Score Distribution

Your Account Isn't Verified!

In order to create a playlist on Sporcle, you need to verify the email address you used during registration. Go to your Sporcle Settings to finish the process.

Report this User

Report this user for behavior that violates our Community Guidelines.

Details: